000 00576nam a2200169 a 4500
008 100930s2008 ||||||||||||||||| || u
020 _a9788122423921
050 _aTA 403 Dug
100 _aDuggal, S K
245 1 0 _aBuilding materials. (3rd rev ed.)
250 _a3rd ed.
260 _aNew Delhi:
_bNew Age International
_c2008
300 _axvi, 525p.: ill
350 _a0.00
650 0 _aMATERIALS
995 _D0.00
_FCBU-MAIN LIBRARY (Kitwe)
_H1
_I0.00
_M1
_UAVAILABLE
_WOct 7, 2010
_ZMain Library Open Access Collection
999 _c36284
_d36284